<?xml version="1.0" encoding="UTF-8"?>
<collection xmlns="http://www.loc.gov/MARC21/slim">
<record>
  <controlfield tag="001">230708</controlfield>
  <controlfield tag="005">20230827173224.0</controlfield>
  <datafield tag="024" ind1="7" ind2=" ">
    <subfield code="a">G:(EU-Grant)824093</subfield>
    <subfield code="d">824093</subfield>
    <subfield code="2">CORDIS</subfield>
  </datafield>
  <datafield tag="024" ind1="7" ind2=" ">
    <subfield code="a">G:(EU-Call)H2020-INFRAIA-2018-1</subfield>
    <subfield code="d">H2020-INFRAIA-2018-1</subfield>
    <subfield code="2">CORDIS</subfield>
  </datafield>
  <datafield tag="024" ind1="7" ind2=" ">
    <subfield code="a">corda__h2020::824093</subfield>
    <subfield code="2">originalID</subfield>
  </datafield>
  <datafield tag="035" ind1=" " ind2=" ">
    <subfield code="a">G:(EU-Grant)824093</subfield>
  </datafield>
  <datafield tag="150" ind1=" " ind2=" ">
    <subfield code="a">The strong interaction at the frontier of knowledge: fundamental research and applications</subfield>
    <subfield code="y">2019-06-01 - 2024-07-31</subfield>
  </datafield>
  <datafield tag="371" ind1=" " ind2=" ">
    <subfield code="a">FACILITY FOR ANTIPROTON AND ION RESEARCH IN EUROPE GMBH</subfield>
    <subfield code="b">FAIR GMBH</subfield>
    <subfield code="d">Germany</subfield>
    <subfield code="e">http://www.fair-center.de</subfield>
    <subfield code="v">CORDIS</subfield>
  </datafield>
  <datafield tag="371" ind1=" " ind2=" ">
    <subfield code="a">Rudjer Boskovic Institute</subfield>
    <subfield code="b">RBI</subfield>
    <subfield code="d">Croatia</subfield>
    <subfield code="e">http://www.irb.hr/</subfield>
    <subfield code="v">CORDIS</subfield>
  </datafield>
  <datafield tag="371" ind1=" " ind2=" ">
    <subfield code="a">University of Groningen</subfield>
    <subfield code="b">University of Groningen</subfield>
    <subfield code="d">Netherlands</subfield>
    <subfield code="e">http://www.rug.nl/</subfield>
    <subfield code="v">CORDIS</subfield>
  </datafield>
  <datafield tag="371" ind1=" " ind2=" ">
    <subfield code="a">Heidelberg University</subfield>
    <subfield code="b">Heidelberg University</subfield>
    <subfield code="d">Germany</subfield>
    <subfield code="e">http://www.uni-heidelberg.de/index_e.html</subfield>
    <subfield code="v">CORDIS</subfield>
  </datafield>
  <datafield tag="371" ind1=" " ind2=" ">
    <subfield code="a">Jagiellonian University</subfield>
    <subfield code="b">Jagiellonian University</subfield>
    <subfield code="d">Poland</subfield>
    <subfield code="e">http://www.uj.edu.pl/en_GB/</subfield>
    <subfield code="v">CORDIS</subfield>
  </datafield>
  <datafield tag="371" ind1=" " ind2=" ">
    <subfield code="a">University of the Basque Country</subfield>
    <subfield code="b">UPV</subfield>
    <subfield code="d">Spain</subfield>
    <subfield code="e">http://www.ehu.eus/en/en-home</subfield>
    <subfield code="v">CORDIS</subfield>
  </datafield>
  <datafield tag="371" ind1=" " ind2=" ">
    <subfield code="a">Autonomous University of Madrid</subfield>
    <subfield code="b">UAM</subfield>
    <subfield code="d">Spain</subfield>
    <subfield code="e">https://www.uam.es/ss/Satellite/es/home/</subfield>
    <subfield code="v">CORDIS</subfield>
  </datafield>
  <datafield tag="371" ind1=" " ind2=" ">
    <subfield code="a">Polytechnic University of Milan</subfield>
    <subfield code="b">Polytechnic University of Milan</subfield>
    <subfield code="d">Italy</subfield>
    <subfield code="e">http://www.polimi.it/en/</subfield>
    <subfield code="v">CORDIS</subfield>
  </datafield>
  <datafield tag="371" ind1=" " ind2=" ">
    <subfield code="a">University of Valencia</subfield>
    <subfield code="b">UV</subfield>
    <subfield code="d">Spain</subfield>
    <subfield code="e">http://www.uv.es/</subfield>
    <subfield code="v">CORDIS</subfield>
  </datafield>
  <datafield tag="371" ind1=" " ind2=" ">
    <subfield code="a">NARODOWE CENTRUM BADAN JADROWYCH</subfield>
    <subfield code="b">NCBJ</subfield>
    <subfield code="d">Poland</subfield>
    <subfield code="e">http://www.ncbj.gov.pl</subfield>
    <subfield code="v">CORDIS</subfield>
  </datafield>
  <datafield tag="371" ind1=" " ind2=" ">
    <subfield code="a">Warsaw University of Technology</subfield>
    <subfield code="b">WUT</subfield>
    <subfield code="d">Poland</subfield>
    <subfield code="e">http://www.pw.edu.pl/engpw</subfield>
    <subfield code="v">CORDIS</subfield>
  </datafield>
  <datafield tag="371" ind1=" " ind2=" ">
    <subfield code="a">National Institute for Nuclear Physics</subfield>
    <subfield code="b">INFN</subfield>
    <subfield code="d">Italy</subfield>
    <subfield code="e">http://www.infn.it/index.php?lang=en</subfield>
    <subfield code="v">CORDIS</subfield>
  </datafield>
  <datafield tag="371" ind1=" " ind2=" ">
    <subfield code="a">Austrian Academy of Sciences</subfield>
    <subfield code="b">OAW</subfield>
    <subfield code="d">Austria</subfield>
    <subfield code="e">http://www.oeaw.ac.at/en/austrian-academy-of-sciences/</subfield>
    <subfield code="v">CORDIS</subfield>
  </datafield>
  <datafield tag="371" ind1=" " ind2=" ">
    <subfield code="a">JAVNA USTANOVA UNIVERZITET CRNE GORE PODGORICA</subfield>
    <subfield code="b">UOM</subfield>
    <subfield code="d">Montenegro</subfield>
    <subfield code="e">http://www.ucg.ac.me</subfield>
    <subfield code="v">CORDIS</subfield>
  </datafield>
  <datafield tag="371" ind1=" " ind2=" ">
    <subfield code="a">University of Hamburg</subfield>
    <subfield code="b">UH</subfield>
    <subfield code="d">Germany</subfield>
    <subfield code="e">http://www.uni-hamburg.de/</subfield>
    <subfield code="v">CORDIS</subfield>
  </datafield>
  <datafield tag="371" ind1=" " ind2=" ">
    <subfield code="a">Atomic Energy and Alternative Energies Commission</subfield>
    <subfield code="b">CEA</subfield>
    <subfield code="d">France</subfield>
    <subfield code="e">http://www.cea.fr/</subfield>
    <subfield code="v">CORDIS</subfield>
  </datafield>
  <datafield tag="371" ind1=" " ind2=" ">
    <subfield code="a">University of Regensburg</subfield>
    <subfield code="b">University of Regensburg</subfield>
    <subfield code="d">Germany</subfield>
    <subfield code="e">http://www.uni-regensburg.de/index.html.en</subfield>
    <subfield code="v">CORDIS</subfield>
  </datafield>
  <datafield tag="371" ind1=" " ind2=" ">
    <subfield code="a">Fondazione Bruno Kessler</subfield>
    <subfield code="b">FBK</subfield>
    <subfield code="d">Italy</subfield>
    <subfield code="e">http://www.fbk.eu/</subfield>
    <subfield code="v">CORDIS</subfield>
  </datafield>
  <datafield tag="371" ind1=" " ind2=" ">
    <subfield code="a">WESTFAELISCHE WILHELMS-UNIVERSITAET MUENSTER</subfield>
    <subfield code="b">WWU</subfield>
    <subfield code="d">Germany</subfield>
    <subfield code="e">http://www.uni-muenster.de</subfield>
    <subfield code="v">CORDIS</subfield>
  </datafield>
  <datafield tag="371" ind1=" " ind2=" ">
    <subfield code="a">University of Birmingham</subfield>
    <subfield code="b">University of Birmingham</subfield>
    <subfield code="d">United Kingdom</subfield>
    <subfield code="e">http://www.birmingham.ac.uk/index.aspx</subfield>
    <subfield code="v">CORDIS</subfield>
  </datafield>
  <datafield tag="371" ind1=" " ind2=" ">
    <subfield code="a">Complutense University of Madrid</subfield>
    <subfield code="b">Complutense University of Madrid</subfield>
    <subfield code="d">Spain</subfield>
    <subfield code="e">https://www.ucm.es/english</subfield>
    <subfield code="v">CORDIS</subfield>
  </datafield>
  <datafield tag="371" ind1=" " ind2=" ">
    <subfield code="a">Johannes Gutenberg University of Mainz</subfield>
    <subfield code="b">Johannes Gutenberg University of Mainz</subfield>
    <subfield code="d">Germany</subfield>
    <subfield code="e">http://www.uni-mainz.de/eng/</subfield>
    <subfield code="v">CORDIS</subfield>
  </datafield>
  <datafield tag="371" ind1=" " ind2=" ">
    <subfield code="a">Ruhr University Bochum</subfield>
    <subfield code="b">RUB</subfield>
    <subfield code="d">Germany</subfield>
    <subfield code="e">http://www.ruhr-uni-bochum.de/index_en.htm</subfield>
    <subfield code="v">CORDIS</subfield>
  </datafield>
  <datafield tag="371" ind1=" " ind2=" ">
    <subfield code="a">University of Glasgow</subfield>
    <subfield code="b">University of Glasgow</subfield>
    <subfield code="d">United Kingdom</subfield>
    <subfield code="e">http://www.gla.ac.uk/</subfield>
    <subfield code="v">CORDIS</subfield>
  </datafield>
  <datafield tag="371" ind1=" " ind2=" ">
    <subfield code="a">CERN</subfield>
    <subfield code="b">CERN</subfield>
    <subfield code="d">Switzerland</subfield>
    <subfield code="e">https://home.cern/</subfield>
    <subfield code="v">CORDIS</subfield>
  </datafield>
  <datafield tag="371" ind1=" " ind2=" ">
    <subfield code="a">Université Catholique de Louvain</subfield>
    <subfield code="b">UCL</subfield>
    <subfield code="d">Belgium</subfield>
    <subfield code="e">http://www.uclouvain.be/en-index.html</subfield>
    <subfield code="v">CORDIS</subfield>
  </datafield>
  <datafield tag="371" ind1=" " ind2=" ">
    <subfield code="a">University of Zagreb Faculty of Science</subfield>
    <subfield code="b">FACULTY OFSCIENCE UNIVERSITY OF ZAGREB</subfield>
    <subfield code="d">Croatia</subfield>
    <subfield code="e">https://www.pmf.unizg.hr/</subfield>
    <subfield code="v">CORDIS</subfield>
  </datafield>
  <datafield tag="371" ind1=" " ind2=" ">
    <subfield code="a">Edinburgh Napier University</subfield>
    <subfield code="b">Edinburgh Napier University</subfield>
    <subfield code="d">United Kingdom</subfield>
    <subfield code="e">http://www.napier.ac.uk/alumni/Pages/home.aspx</subfield>
    <subfield code="v">CORDIS</subfield>
  </datafield>
  <datafield tag="371" ind1=" " ind2=" ">
    <subfield code="a">Rheinische Friedrich-Wilhelms-Universität Bonn</subfield>
    <subfield code="d">Germany</subfield>
    <subfield code="e">https://www.uni-bonn.de/</subfield>
    <subfield code="v">CORDIS</subfield>
  </datafield>
  <datafield tag="371" ind1=" " ind2=" ">
    <subfield code="a">University of Salamanca - Centro de Investigación del Cáncer</subfield>
    <subfield code="b">CIC</subfield>
    <subfield code="d">Spain</subfield>
    <subfield code="e">http://www.cicancer.org/en</subfield>
    <subfield code="v">CORDIS</subfield>
  </datafield>
  <datafield tag="371" ind1=" " ind2=" ">
    <subfield code="a">GSI Helmholtzzentrum für Schwerionenforschung GmbH</subfield>
    <subfield code="b">GSI</subfield>
    <subfield code="d">Germany</subfield>
    <subfield code="e">http://www.gsi.de/</subfield>
    <subfield code="v">CORDIS</subfield>
  </datafield>
  <datafield tag="371" ind1=" " ind2=" ">
    <subfield code="a">THE HENRYK NIEWODNICZANSKI INSTITUTE OF NUCLEAR PHYSICS, POLISH ACADEMY OF SCIENCES</subfield>
    <subfield code="b">IFJ PAN</subfield>
    <subfield code="d">Poland</subfield>
    <subfield code="e">http://www.ifj.edu.pl</subfield>
    <subfield code="v">CORDIS</subfield>
  </datafield>
  <datafield tag="371" ind1=" " ind2=" ">
    <subfield code="a">University of Jyväskylä</subfield>
    <subfield code="b">University of Jyväskylä</subfield>
    <subfield code="d">Finland</subfield>
    <subfield code="e">https://www.jyu.fi/en/</subfield>
    <subfield code="v">CORDIS</subfield>
  </datafield>
  <datafield tag="371" ind1=" " ind2=" ">
    <subfield code="a">Forschungszentrum Jülich</subfield>
    <subfield code="b">Forschungszentrum Jülich</subfield>
    <subfield code="d">Germany</subfield>
    <subfield code="e">https://www.ptj.de/</subfield>
    <subfield code="v">CORDIS</subfield>
  </datafield>
  <datafield tag="371" ind1=" " ind2=" ">
    <subfield code="a">DEUTSCHES KREBSFORSCHUNGSZENTRUM HEIDELBERG</subfield>
    <subfield code="b">GERMAN CANCER RESEARCH CENTER</subfield>
    <subfield code="d">Germany</subfield>
    <subfield code="e">http://www.dkfz.de</subfield>
    <subfield code="v">CORDIS</subfield>
  </datafield>
  <datafield tag="371" ind1=" " ind2=" ">
    <subfield code="a">THE PROVOST, FELLOWS, FOUNDATION SCHOLARS &amp; THE OTHER MEMBERS OF BOARD OF THE COLLEGE OF THE HOLY &amp; UNDIVIDED TRINITY OF QUEEN ELIZABETH NEAR DUBLIN</subfield>
    <subfield code="b">TRINITY COLLEGE DUBLIN</subfield>
    <subfield code="d">Ireland</subfield>
    <subfield code="e">http://www.tcd.ie</subfield>
    <subfield code="v">CORDIS</subfield>
  </datafield>
  <datafield tag="371" ind1=" " ind2=" ">
    <subfield code="a">University of Santiago de Compostela</subfield>
    <subfield code="b">USC</subfield>
    <subfield code="d">Spain</subfield>
    <subfield code="e">http://www.usc.es/index.html</subfield>
    <subfield code="v">CORDIS</subfield>
  </datafield>
  <datafield tag="371" ind1=" " ind2=" ">
    <subfield code="a">National Research Council</subfield>
    <subfield code="b">CNR</subfield>
    <subfield code="d">Italy</subfield>
    <subfield code="e">http://www.cnr.it/sitocnr/home.html</subfield>
    <subfield code="v">CORDIS</subfield>
  </datafield>
  <datafield tag="371" ind1=" " ind2=" ">
    <subfield code="a">STICHTING NEDERLANDSE WETENSCHAPPELIJK ONDERZOEK INSTITUTEN</subfield>
    <subfield code="b">NWO-I</subfield>
    <subfield code="d">Netherlands</subfield>
    <subfield code="e">http://www.nwo.nl/instituten</subfield>
    <subfield code="v">CORDIS</subfield>
  </datafield>
  <datafield tag="371" ind1=" " ind2=" ">
    <subfield code="a">LABORATORIO DE INSTRUMENTACAO E FISICA EXPERIMENTAL DE PARTICULAS LIP</subfield>
    <subfield code="b">LIP</subfield>
    <subfield code="d">Portugal</subfield>
    <subfield code="v">CORDIS</subfield>
  </datafield>
  <datafield tag="371" ind1=" " ind2=" ">
    <subfield code="a">Uppsala University</subfield>
    <subfield code="b">Uppsala University</subfield>
    <subfield code="d">Sweden</subfield>
    <subfield code="e">https://www.uu.se/en/</subfield>
    <subfield code="v">CORDIS</subfield>
  </datafield>
  <datafield tag="371" ind1=" " ind2=" ">
    <subfield code="a">Technical University Munich</subfield>
    <subfield code="b">TUM</subfield>
    <subfield code="d">Germany</subfield>
    <subfield code="e">http://www.tum.de/en/homepage/</subfield>
    <subfield code="v">CORDIS</subfield>
  </datafield>
  <datafield tag="371" ind1=" " ind2=" ">
    <subfield code="a">University of Aveiro</subfield>
    <subfield code="b">University of Aveiro</subfield>
    <subfield code="d">Portugal</subfield>
    <subfield code="e">http://www.ua.pt/</subfield>
    <subfield code="v">CORDIS</subfield>
  </datafield>
  <datafield tag="371" ind1=" " ind2=" ">
    <subfield code="a">CNRS - Institut des Sciences Biologiques</subfield>
    <subfield code="b">INSB</subfield>
    <subfield code="d">France</subfield>
    <subfield code="e">http://www.cnrs.fr/insb/</subfield>
    <subfield code="v">CORDIS</subfield>
  </datafield>
  <datafield tag="372" ind1=" " ind2=" ">
    <subfield code="a">H2020-INFRAIA-2018-1</subfield>
    <subfield code="s">2019-06-01</subfield>
    <subfield code="t">2024-07-31</subfield>
  </datafield>
  <datafield tag="450" ind1=" " ind2=" ">
    <subfield code="a">STRONG-2020</subfield>
    <subfield code="w">d</subfield>
    <subfield code="y">2019-06-01 - 2024-07-31</subfield>
  </datafield>
  <datafield tag="510" ind1="1" ind2=" ">
    <subfield code="0">I:(DE-588b)5098525-5</subfield>
    <subfield code="a">European Union</subfield>
    <subfield code="2">CORDIS</subfield>
  </datafield>
  <datafield tag="680" ind1=" " ind2=" ">
    <subfield code="a">The strong interaction is one of the cornerstones of the Standard Model (SM) of particle physics, and its experimental and theoretical study attracts an active community of about 2500 researchers in Europe. The list of fundamental open questions at the frontier of our current knowledge in the strong interaction is very rich and varied including a full understanding of (i) the partonic structure of hadrons, (ii) exotic hadronic states, properties of (iii) dense quark matter and of (iv) hot and dense quark-gluon plasma, as well as (v) precision tests of the SM. Such research topics are studied experimentally and theoretically mostly via particle collisions at low (a few tens of GeV) and high (up to 14 TeV) energies. Associated developments in state-of-the-art detectors/data-acquisition/beams/targets are required, as well as in theoretical (lattice, effective field, perturbative) calculations. The STRONG-2020 project brings together many of the leading research groups and infrastructures involved today in the study of the strong interaction in Europe, and also exploits the innovation potential in applied research through the development of detector systems with applications beyond fundamental physics, e.g. for medical imaging and information technology. The Consortium includes 44 participant groups, embracing 14 EU Member States, one International EU Interest Organization (CERN), and one EU candidate country. Together with host institutions of 21 other countries, without EU funds benefits, the project involves research in 36 countries. The project is structured in 32 Work Packages (WP): 7 Transnational Access Activities, 2 Virtual Access Activities, 7 Networking Activities and 14 Joint Research Activities. Furthermore, 2 WPs take care, respectively, of the “Management and Coordination” of the project and of “Communication and Outreach".</subfield>
  </datafield>
  <datafield tag="909" ind1="C" ind2="O">
    <subfield code="o">oai:juser.fz-juelich.de:881137</subfield>
    <subfield code="p">authority:GRANT</subfield>
    <subfield code="p">authority</subfield>
  </datafield>
  <datafield tag="970" ind1=" " ind2=" ">
    <subfield code="a">oai:dnet:corda__h2020::985a86ddffa25cacf60d38af5634c509</subfield>
  </datafield>
  <datafield tag="980" ind1=" " ind2=" ">
    <subfield code="a">G</subfield>
  </datafield>
  <datafield tag="980" ind1=" " ind2=" ">
    <subfield code="a">CORDIS</subfield>
  </datafield>
  <datafield tag="980" ind1=" " ind2=" ">
    <subfield code="a">AUTHORITY</subfield>
  </datafield>
  <datafield tag="909" ind1="C" ind2="O">
    <subfield code="o">oai:juser.fz-juelich.de:881137</subfield>
  </datafield>
</record>
</collection>